| 000 | 00670nam a22002057a 4500 | ||
|---|---|---|---|
| 003 | 0 | ||
| 005 | 20250911101242.0 | ||
| 008 | 250911b xxu||||| |||| 00| 0 eng d | ||
| 020 | _a978-1-394-26869-6 | ||
| 050 |
_aHF 5681.B2 _b.T73 2025 |
||
| 100 |
_aTracy, Tage C., _eauthor. |
||
| 245 |
_aHow to read a financial report : _bwringing vital signs out of the numbers / _cTage C. Tracy. |
||
| 260 |
_aHoboken, New Jersey : _bJohn Wiley & Sons, Inc., _c2025. |
||
| 300 |
_axii, 254 pages ; _c18 cm. |
||
| 504 | _aIncludes index. | ||
| 650 | _aFinancial statements. | ||
| 650 |
_aCorporations _xAccounting. |
||
| 650 |
_aFinancial statements _xAnalysis. |
||
| 942 |
_2lcc _cBK |
||
| 999 |
_c367878 _d367878 |
||